Stati per numero di Lingue - Statistics

Statistiche generali
  • Questo quiz è stato fatto 42 volte
  • Il punteggio medio è 8 su 10
Statistiche sulle risposte
Numero di lingue Continente Nazione % Corretto
305 Asia Cina
95%
780 Asia India
92%
292 America del Nord Messico
92%
335 America del Nord Stati Uniti
92%
228 America del Sud Brasile
90%
840 Oceania Papua Nuova Guinea
90%
319 Oceania Australia
85%
524 Africa Nigeria
69%
710 Asia Indonesia
64%
275 Africa Camerun
33%
Nessun quiz corrispondente trovato
Distribuzione punteggi
Percentuale di utenti per punteggio
Percentile per numero di risposta
I tuoi punteggi nel tempo
Non hai fatto questo quiz